00927nam a2200241 a 4500001001000000003000500010005001700015008004100032010001100073011001100084040000900095100003400104245020900138260004100347500006000388502006100448650002100509650002100530650002100551700002700572856001600599856007000615000109300CHAP20220329144045.0140416s2013 mx sm |||||||spa d a105762 a106734 cCHAP1 aCastillo Miramontes, Santiago10aMateriales de ajo (Allium sativum L.) Chilac y Zacatecas sometidos a tratamientos de frio y tamaño de semilla en Tlaxco, Tlaxcalah[En línea]cpor Santiago Castillo Miramontes y Raul García Muñoz. aChapingo, Méx. :bEl autor,c2013. aPara ver el contenido del material haga clic en la liga aTesis (Ing. Agr. Esp. en Fitotecnia) -- UACH. Fitotecnia14aAjoxGenética.14aAjoxVariedades.14aVernalización.1 aGarcía Muñoz, Raul a1 n0001430 aFinding aiduhttp://10.13.5.2/tesis/sist109300.pdfzTeclea aquí